| 000 | 00864nam a22002657a 4500 | ||
|---|---|---|---|
| 001 | 8473 | ||
| 003 | FISKH | ||
| 005 | 20250915114733.0 | ||
| 008 | 250915b cb ||||| |||| 00| 0 eng d | ||
| 020 | _a9780439823210 | ||
| 040 |
_aFISKH _beng _cFISKH _dFISKH |
||
| 050 | _aPZ7.P75186 O | ||
| 082 | _a394.266 | ||
| 100 | _aPolacco, Patricia | ||
| 245 |
_aAn orange for Frankie / _cBy Patricia Polacco |
||
| 250 | _aFirst Scholastic printing , November 2005 | ||
| 260 |
_aNew York : _bScholastic , _c2004. |
||
| 300 |
_a48 unnumbered pages : _bcolor illustrations ; _c25 cm . |
||
| 505 | _aR | ||
| 520 | _aFrankie and his eight brothers and sisters learn lessons about giving, family, and tradition during a snowy Michigan Christmas long ago. | ||
| 521 | 8 |
_a780
_bLexile AD |
|
| 521 | 8 |
_aR
_bRaz-Plus |
|
| 942 |
_2ddc _cBK _n0 |
||
| 999 |
_c8473 _d8473 |
||